| 000 | 00479nam a2200181Ia 4500 | ||
|---|---|---|---|
| 008 | 230917s9999||||xx |||||||||||||| ||und|| | ||
| 020 | _cRS2995 | ||
| 040 |
_e248785 _aMAIN |
||
| 041 | _aEnglish | ||
| 082 | _a589.9 B533B(5) | ||
| 100 | _aBirge, Edward A | ||
| 245 | 0 | _aBacterial and bacteriophage genetics | |
| 250 | _a5th ed. | ||
| 260 |
_aNew York _bSpringer _c2018 |
||
| 300 | _axix, 577 p. | ||
| 500 | _a3189 20/07/2018 RBP18/71844 06/08/2018 Main Budget | ||
| 942 | _cBK | ||
| 999 |
_c27403 _d27403 |
||